SEVENTEEN all songs(May 2025 update) - Statistics

General Stats
  • This quiz has been taken 1,829 times
    833 since last reset
  • The average score is 106 of 177
Answer Stats
Hint Answer % Correct
17 CARAT Adore U
93%
Face the Sun Hot
92%
YOU MADE MY DAWN Home
90%
FIRST 'LOVE​&​LETTER' Pretty U
89%
BOYS BE Rock
89%
FML Super
88%
HAPPY BURSTDAY THUNDER
87%
SECOND WIND(BSS) Fighting
86%
Love​&​Letter Repackage Very nice
86%
TEEN, AGE Clap
85%
17 IS RIGHT HERE Maestro
85%
BOYS BE Mansae
85%
2nd digital single God of Light Music
84%
SEVENTEENTH HEAVEN God of Music
84%
Semicolon Home;run
84%
Attacca Rock with you
84%
Al1 Who
84%
English pre-release (Face the Sun) Darl+ing
83%
Al1 Don't Wanna Cry
83%
Digital single Hit
83%
FML F*ck My Life
82%
SECTOR 17 _World
82%
SECTOR 17 Cheers
81%
An Ode Fear
81%
Heng:garæ Left & Right
80%
HAPPY BURSTDAY HBD
79%
SPILL THE FEELS LOVE, MONEY, FAME
79%
17 IS RIGHT HERE Spell
78%
Going Seventeen Boom boom
76%
HAPPY BURSTDAY Jungle
76%
17 IS RIGHT HERE Lalali
76%
Your Choice Ready to love
76%
FML I Don't Understand
But I Luv U
75%
17 CARAT Shining Diamond
75%
THIS MAN(JEONGHAN X WONWOO) Beautiful Monster
74%
Face the Sun Don Quixote
74%
YOU MAKE MY DAY Oh My!
74%
SPILL THE FEELS Rain
74%
SPILL THE FEELS Water
74%
FML Fire
73%
TELEPARTY(BSS) CBZ (Prime Time)
72%
17 IS RIGHT HERE Cheers to Youth
72%
HAPPY BURSTDAY Happy Virus
71%
SEVENTEENTH HEAVEN Monster
71%
DIRECTOR'S CUT Thanks
71%
Attacca To you
71%
Face the Sun Ash
70%
SECTOR 17 Circles
70%
Face the Sun Shadow
70%
HAPPY BURSTDAY 99.9%
69%
HAPPY BURSTDAY Shake It Off
69%
BEAM (HOSHI x WOOZI) STUPID IDIOT
69%
Digital single(BSS) Just Do It
68%
Face the Sun March
68%
HAPPY BURSTDAY Skyfall
68%
HAPPY BURSTDAY Bad Influence
67%
2nd Japan single album Fallin' Flower
67%
Going Seventeen Smile Flower
67%
WE MAKE YOU Call Call Call!
66%
Heng:garæ Kidult
66%
17 CARAT 20
65%
BEAM (HOSHI x WOOZI) 96ers
65%
Going Seventeen Beautiful
65%
Heng:garæ My My
65%
HAPPY BURSTDAY Trigger
64%
Attacca 2 Minus 1
63%
SPILL THE FEELS Candy
63%
Attacca Crush
63%
HAPPY BURSTDAY Gemini
63%
TEEN, AGE Trauma
63%
FML April Shower
62%
Heng:garæ Fearless
62%
HAPPY BURSTDAY Fortunate Change
62%
FIRST 'LOVE​&​LETTER' Love Letter
62%
HAPPY BURSTDAY Damage
61%
SPILL THE FEELS Eyes on you
61%
Semicolon Light a Flame
61%
HAPPY BURSTDAY Shining Star
61%
Your Choice Anyone
60%
Face the Sun Domino
60%
Your Choice Gam3 bo1
60%
YOU MAKE MY DAY Our Dawn Is Hotter Than Day
60%
HAPPY BURSTDAY Raindrops
60%
DIRECTOR'S CUT Run To You
60%
HAPPY BURSTDAY Coincidence
59%
HAPPY BURSTDAY Destiny
59%
FML Dust
59%
YOU MADE MY DAWN Getting Closer
59%
YOU MAKE MY DAY Holiday
59%
Your Choice Heaven's Cloud
58%
17 CARAT Jam Jam
58%
THIS MAN(JEONGHAN X WONWOO) Last Night
58%
TEEN, AGE Lilili Yabbay
58%
Attacca Pang!
58%
SEVENTEENTH HEAVEN SOS
58%
SPILL THE FEELS 1 TO 13
57%
TEEN, AGE Campfire
57%
Semicolon Do Re Mi
57%
TEEN, AGE Flower
57%
Going Seventeen Highlight
57%
SECOND WIND(BSS) Lunch
57%
Heng:garæ Together
57%
2nd Japan mini album 24H
56%
Japanese EP Dream
56%
YOU MADE MY DAWN Hug
56%
Face the Sun If You Leave Me
56%
An Ode Snap Shoot
56%
SECOND WIND(BSS) 7PM
55%
YOU MADE MY DAWN Good To Me
55%
Your Choice Same dream, same mind, same night
55%
SEVENTEENTH HEAVEN Diamond Days
54%
SEVENTEENTH HEAVEN Headliner
54%
YOU MAKE MY DAY Moonwalker
54%
Al1 My I
54%
SEVENTEENTH HEAVEN Yawn
54%
Going Seventeen Fast Pace
53%
Al1 Habit
53%
BEAM (HOSHI x WOOZI) PINOCCHIO
53%
TEEN, AGE Pinwheel
53%
An Ode 247
52%
Semicolon Hey buddy
52%
ALWAYS YOURS Ima -Even If the World Ends Tomorrow-
52%
Your Choice Wave
52%
Semicolon Ah! love
51%
17 CARAT Ah Yeah
51%
TEEN, AGE Change Up
51%
Japan single album Happy Ending
51%
Semicolon All My Love
50%
YOU MADE MY DAWN Chilli
50%
YOU MADE MY DAWN Shhh
50%
Al1 Swimming Fool
50%
An Ode Back It Up
49%
Face the Sun 'Bout You
49%
FIRST 'LOVE​&​LETTER' Hit Song
49%
An Ode Network Love
49%
An Ode Second Life
49%
SEVENTEENTH HEAVEN Back 2 Back
48%
Attacca Imperfect love
48%
Al1 If I
47%
TEEN, AGE Rocket
47%
DIRECTOR'S CUT Falling For U
46%
BOYS BE OMG
46%
FIRST 'LOVE​&​LETTER' Say Yes
46%
DIRECTOR'S CUT Thinkin' about you
46%
Attacca I can't run away
45%
Al1 Crazy in Love
44%
Love​&​Letter Repackage Healing
44%
3rd Japan single album Not Alone
44%
Love​&​Letter Repackage Simple
44%
Going Seventeen Don't Listen In Secret
43%
TEEN, AGE Hello
43%
Heng:garæ I Wish
43%
THIS MAN(JEONGHAN X WONWOO) Leftover
43%
An Ode Let Me Hear YouSay
43%
ALWAYS YOURS Sara Sara
43%
TEEN, AGE Bring It
42%
Going Seventeen I Don't Know
42%
An Ode Lucky
42%
BOYS BE Fronting
41%
Going Seventeen Lean On Me
41%
An Ode Lie Again
41%
Love​&​Letter Repackage No F.U.N
41%
TELEPARTY(BSS) Happy Alone
40%
Japanese special single Power of Love
40%
YOU MAKE MY DAY What's Good
40%
FIRST 'LOVE​&​LETTER' Chuck
39%
YOU MAKE MY DAY Come To Me
38%
TELEPARTY(BSS) Love Song
38%
FIRST 'LOVE​&​LETTER' Still Lonely
38%
TEEN, AGE Without You
38%
BOYS BE When I Grow Up
37%
FIRST 'LOVE​&​LETTER' Drift Away
36%
Love​&​Letter Repackage Space
34%
Al1 Check-In
31%
FIRST 'LOVE​&​LETTER' Monday To Saturday
31%
4th Japan single album Shohikigen
30%
Chinese digital single The Meaning of Meeting
10%
No matching quizzes found
Score Distribution
Percent of People with Each Score
Percentile by Number Answered
Your Score History
You have not taken this quiz since the last reset